000 00306nam a22001457a 4500
008 221012b ||||| |||| 00| 0 eng d
020 _a9781858287218
041 _aeng
080 _a781
082 _a781
100 _a20.1
101 _aMUZIK
245 _aCLASSICAL MUSIC
_cCLARK D
942 _2udc
_cBK
999 _c58519
_d58519